00369nam a22001457a 450000500170000001000150001702000110003203500140004303700130005708200080007010000170007824500490009526000540014430000250019820220817111404.0 aENG-134444 c150.00 aEN-117976 bDBAD/PUB a954 aChowdary,T.H aThe Anguish of a Bharatiya/cby T.H.Chowdary bSri Hanuman Mani Education & Culture Trust c2019 avii;326p.c22cm(pbk)